00641nam a2200169 a 450000100100000000500170001000800410002704000250006808200180009310000260011124500980013726000400023530000200027565000850029565000550038070000360043500002849920200930054958.0110408s1999 dr 000 0 spa d aDO-SdBNPbspacBNPHU a331.11bA696v1 aArias Rojas, Faustina10aVivencias de una empleada pública /cFaustina Arias Rojas; prólogo Mario Suárez Marill. a[Santo Domingo :bCENAPEC,c1999?]. a32 p. ;c21 cm. 4aFuncionarios públicoszRepública DominicanaxCorrespondencia, memorias, etc. 4aAdministración públicazRepública Dominicana1 aSuárez Marill, Marioepról.